000 01415cam a2200373 a 4500
001 554
005 20250226130638.0
020 _a1423100328
020 _a9781423100324
040 _aDLC
_cDLC
_dIG#
_dBAKER
_dBTCTA
_dUKM
_dRLS
_dYDXCP
_dEHH
_dUPZ
_dNPL
_dDLC
_dFISKH
_beng
050 0 0 _aPZ7.F59816
_bBr 2007
082 0 0 _a[Fic]
_222
100 1 _aFlake, Sharon.
245 1 4 _aThe broken bike boy and the Queen of 33rd Street /
_cSharon G. Flake ; illustrations by Colin Bootman.
260 _aNew York :
_bScholastic.
_c2009.
300 _a132 pages. :
_billustrations ;
_c22 cm.
505 _aM
520 _aTen-year-old Queen, a spoiled and conceited African American girl who is disliked by most of her classmates, learns a lesson about friendship from an unlikely "knight in shining armor."
521 1 _a680
_bLexile
521 1 _aM
_bRaz-Plus
650 0 _aConduct of life
_vJuvenile fiction.
650 0 _aFriendship
_vJuvenile fiction.
650 0 _aSchools
_vJuvenile fiction.
650 0 _aAfrican Americans
_vJuvenile fiction.
650 1 _aConduct of life
_vFiction.
650 1 _aFriendship
_vFiction.
650 1 _aSchools
_vFiction.
650 1 _aAfrican Americans
_vFiction.
655 0 _aChildren's stories.
655 7 _aHigh interest-low vocabulary books.
_2lcsh
700 1 _aBootman, Colin,
_eillustrator.
906 _a7
_bcbc
_corignew
_d1
_eecip
_f20
_gy-gencatlg
942 _2ddc
_cBK
_n0
999 _c554
_d554